Départements français traversés par la Seine - Statistiques

Statistiques générales
  • Ce quiz a été pris 64 fois
  • Le résultat moyen est 13 sur 14
Réponses sur la Carte
Les réponses sont colorées sur une échelle allant du rouge au vert en fonction du pourcentage des utilisateurs qui les ont devinées à leur premier essai. Vous pouvez retrouver ces pourcentages ci-dessous.
 
Statistiques - réponses
Départements % Correct
Paris
100%
Seine-Maritime
97%
Seine-et-Marne
95%
Seine-Saint-Denis
95%
Essonne
93%
Yvelines
93%
Marne
91%
Hauts-de-Seine
90%
Val-de-Marne
90%
Calvados
88%
Eure
86%
Val-d'Oise
84%
Côte-d'Or
81%
Aube
76%
Aucun quiz correspondant
Distribution des résultats
% des personnes avec chaque résultat
Percentile par nombre de réponses
Votre historique - résultats
Vous n’avez pas pris ce quiz